SCUOLA VIVA. 22 FEBBRAIO 1968. RIVISTA PER LA SCUOLA MEDIA. (Record no. 326412)

MARC details
000 -LEADER
fixed length control field 01989nas a2200277Ia 4500
001 - CONTROL NUMBER
control field R370-R7818
003 - CONTROL NUMBER IDENTIFIER
control field IT-CnALBA
008 - FIXED-LENGTH DATA ELEMENTS--GENERAL INFORMATION
fixed length control field 170116c99999999xx |||||||||||| ||und||
040 ## - CATALOGING SOURCE
Original cataloging agency IT-CnALBA
Transcribing agency IT-CnALBA
041 ## - LANGUAGE CODE
Language code of text/sound track or separate title ITALIANO
999 ## - SYSTEM CONTROL NUMBERS (KOHA)
Koha Dewey Subclass [OBSOLETE] NO
100 ## - MAIN ENTRY--PERSONAL NAME
Personal name CALONGHI GUIDO ANGELO
210 ## - ABBREVIATED TITLE
Abbreviated title SCUOLA VIVA
222 ## - KEY TITLE
Key title SCUOLA VIVA
245 #0 - TITLE STATEMENT
Title SCUOLA VIVA. 22 FEBBRAIO 1968. RIVISTA PER LA SCUOLA MEDIA.
250 ## - EDITION STATEMENT
Edition statement 1a ed.
260 ## - PUBLICATION, DISTRIBUTION, ETC. (IMPRINT)
Place of publication, distribution, etc. TO BO CT PA
Name of publisher, distributor, etc. SOCIETÀ ED. INTER.
Date of publication, distribution, etc. 1968 [1° Ed.:1968 - Ed.Ling.Originale: 1968]
300 ## - PHYSICAL DESCRIPTION
Extent 64 p.
310 ## - CURRENT PUBLICATION FREQUENCY
Current publication frequency QUINDICINALE
362 ## - DATES OF PUBLICATION AND/OR SEQUENTIAL DESIGNATION
Dates of publication and/or sequential designation Fascicolo: 10 / Anno: 4 (1968)
500 ## - GENERAL NOTE
General note METODOLOGIA. DIDATTICA. GOSTINI G. TECNICA E SCUOLA. PIANI DI SPERIMENTAZIONE. PIANO DI LAVORO. LA FORGIA M. TUROTTI A. ESPOSITO G. GUIDA BR. CALO'' R. CHIAPPALONE V. BALESTRA I. COS A. I. QUESITI E RISPOSTE. NOTIZIARIO SINDACALE. PRESENTAZIONE ARTICOLI IN RIVISTE E LIBRI. L'OPERA D'ARTE. MODIFICAZIONI FUSTO. CLIMA E VEGETAZIONE. DESCRIZIONE ORALI E SCRITTE. PASTORALE NELLA SCUOLA. UN EDIFICIO PER LA SCUOLA. STUDIO LINGUA NELLA DIDATTICA DELL'ITALIANO. LA RICEZIONE DEL MESSAGGIO. RICERCA STORICA E DISCUSSIONE GUIDATA. STRUTTURALISMO FUNZIONALE NELL'INSEGNAMENTO GRAMMATICA.
501 ## - WITH NOTE
With note Società San Paolo EM - Piazza San Paolo, 14 - 12051 ALBA (CN) (non commercial uses only) ® Copyright 2017
520 ## - SUMMARY, ETC.
Summary, etc. METODOLOGIA. DIDATTICA. GOSTINI G. TECNICA E SCUOLA. PIANI DI SPERIMENTAZIONE. PIANO DI LAVORO. LA FORGIA M. TUROTTI A. ESPOSITO G. GUIDA BR. CALO'' R. CHIAPPALONE V. BALESTRA I. COS A. I. QUESITI E RISPOSTE. NOTIZIARIO SINDACALE. PRESENTAZIONE ARTICOLI IN RIVISTE E LIBRI. L'OPERA D'ARTE. MODIFICAZIONI FUSTO. CLIMA E VEGETAZIONE. DESCRIZIONE ORALI E SCRITTE. PASTORALE NELLA SCUOLA. UN EDIFICIO PER LA SCUOLA. STUDIO LINGUA NELLA DIDATTICA DELL'ITALIANO. LA RICEZIONE DEL MESSAGGIO. RICERCA STORICA E DISCUSSIONE GUIDATA. STRUTTURALISMO FUNZIONALE NELL'INSEGNAMENTO GRAMMATICA.
650 ## - SUBJECT ADDED ENTRY--TOPICAL TERM
Topical term or geographic name as entry element EDUCAZIONE
942 ## - ADDED ENTRY ELEMENTS (KOHA)
Koha item type RIVISTA
957 ## -
-- 1
999 ## - SYSTEM CONTROL NUMBERS (KOHA)
-- 1
Holdings
Withdrawn status Lost status Damaged status Not for loan Home library Current library Date acquired Total Checkouts Full call number Date last seen Price effective from Koha item type Public note
    Buone Condizioni Not For Loan ALBA - Biblioteca ALBA - Biblioteca 16/01/2017   R370-R7818 16/01/2017 16/01/2017 RIVISTA (data import: 16 gennaio 2017) - By Epidotti, Vaglietti.
CREDITS: SOCIETA' SAN PAOLO Via A.Severo, 58 - ROMA (RM) & PERIODICI SAN PAOLO SRL Via Giotto, 36 MILANO & CISF Via Giotto, 36 MILANO & EDIZIONI SAN PAOLO SRL,  Piazza Soncino, 5 CINISELLO BALSAMO (MI) -- ITALY